| 000 | 00586cam a2200205 4500500 | ||
|---|---|---|---|
| 005 | 20260405003422.0 | ||
| 041 | _afre | ||
| 042 | _adc | ||
| 100 | 1 | 0 |
_ade Oliveira, Victorine _eauthor |
| 245 | 0 | 0 | _aUn poète intranquille |
| 260 | _c2021. | ||
| 500 | _a88 | ||
| 690 | _aEnfance | ||
| 690 | _aLumière | ||
| 690 | _aMontagne | ||
| 690 | _aNietzsche | ||
| 690 | _aPoésie | ||
| 786 | 0 | _nPhilosophie magazine | 155 | 12 | 2021-12-01 | p. 40-40 | 1951-1787 | |
| 856 | 4 | 1 | _uhttps://shs.cairn.info/magazine-philosophie-magazine-2021-12-1-page-40?lang=fr&redirect-ssocas=7080 |
| 999 |
_c2067359 _d2067359 |
||